000 00801nam a2200265Ia 4500
003 OSt
005 20221005083622.0
006 a|||||r|||| 00| 0
007 ta
008 221004b |||||||| |||| 00| 0 eng d
020 _a18900039X
_c2295
024 _a83520
037 _b1554, 30/03/2005, P.T. Book International
_cTextual
040 _aCRL
_cCRL
_beng
041 _2eng
_aeng
082 _aT4:893.2, P5
100 _aDawra Sudhir
245 0 _aIndia
_b Grants and scholarships
260 _aNew Delhi
_bVishvabharti Publications India
_c2005
300 _a1681p.
_ccm.
650 _a EDUCATION - INDIA
650 _aCOLLEGES AND UNIVERSITIES
942 _hT4:893.2, P5
_cTEXL
_2cc
999 _c991294
_d991294